Resorts & recreation management :/ (Record no. 3716)

MARC details
000 -LEADER
fixed length control field 00688nam a22002177a 4500
003 - CONTROL NUMBER IDENTIFIER
control field OSt
005 - DATE AND TIME OF LATEST TRANSACTION
control field 20250716074319.0
008 - FIXED-LENGTH DATA ELEMENTS--GENERAL INFORMATION
fixed length control field 250716b |||||||| |||| 00| 0 eng d
020 ## - INTERNATIONAL STANDARD BOOK NUMBER
International Standard Book Number 978-971-9905-96-7
040 ## - CATALOGING SOURCE
Original cataloging agency DWCL - Main lib
Transcribing agency OC
082 ## - DEWEY DECIMAL CLASSIFICATION NUMBER
Classification number Fil. 640.94068 C814c 2015
100 ## - MAIN ENTRY--PERSONAL NAME
Personal name Abellana, Jose L.
245 ## - TITLE STATEMENT
Title Resorts & recreation management :/
Statement of responsibility, etc. Jose L. Abellana
260 ## - PUBLICATION, DISTRIBUTION, ETC.
Place of publication, distribution, etc. Manila :
Name of publisher, distributor, etc. Mindshapers Co., Inc.
300 ## - PHYSICAL DESCRIPTION
Extent vi, 159 pages :
Other physical details illustrations ;
Dimensions 26 cm.
504 ## - BIBLIOGRAPHY, ETC. NOTE
Bibliography, etc. note Includes bibliographical references.
650 ## - SUBJECT ADDED ENTRY--TOPICAL TERM
Topical term or geographic name entry element 1. Resorts - Management.
700 ## - ADDED ENTRY--PERSONAL NAME
Personal name Benedicto G. Bernardo
700 ## - ADDED ENTRY--PERSONAL NAME
Personal name Darylace E. Cornell
942 ## - ADDED ENTRY ELEMENTS (KOHA)
Source of classification or shelving scheme Dewey Decimal Classification
Koha item type Book-Filipiniana
Call number prefix Fil.
Suppress in OPAC No
952 ## - LOCATION AND ITEM INFORMATION (KOHA)
--
Holdings
Withdrawn status Lost status Source of classification or shelving scheme Damaged status Not for loan Home library Current library Shelving location Date acquired Source of acquisition Total Checkouts Full call number Barcode Date last seen Copy number Price effective from Koha item type Uniform Resource Identifier
    Dewey Decimal Classification     College Library College Library Filipiniana 04/27/2017 Donation   Fil. 640.94068 C814c 2015 51492 07/16/2025 c1 07/16/2025 BK - FIL